Catálogo

Strategic alliances for innovation and R & D / (Registro nro. 68507)

Detalles MARC
000 -LEADER
fixed length control field 01497ctm a2200361 i 4500
001 - CONTROL NUMBER
control field 68507
003 - CONTROL NUMBER IDENTIFIER
control field Mx-PuUPA
005 - DATE AND TIME OF LATEST TRANSACTION
control field 20220302075457.0
008 - FIXED-LENGTH DATA ELEMENTS--GENERAL INFORMATION
fixed length control field 140131s2014 ncuad fr 001 0 eng d
020 ## - INTERNATIONAL STANDARD BOOK NUMBER
International Standard Book Number 9781623966232
040 ## - CATALOGING SOURCE
Original cataloging agency Mx-PuUPA
Language of cataloging spa
Transcribing agency Mx-PuUPA
Modifying agency Mx-PuUPA
Description conventions rda
041 0# - LANGUAGE CODE
Language code of text/sound track or separate title eng
245 00 - TITLE STATEMENT
Title Strategic alliances for innovation and R & D /
Statement of responsibility, etc. edited by T.K. Das
250 ## - EDITION STATEMENT
Edition statement Hardcover
264 #1 - PRODUCTION, PUBLICATION, DISTRIBUTION, MANUFACTURE, AND COPYRIGHT NOTICE
Place of production, publication, distribution, manufacture Charlotte, NC :
Name of producer, publisher, distributor, manufacturer Information Age Publishing, Inc.,
Date of production, publication, distribution, manufacture, or copyright notice ©2014
300 ## - PHYSICAL DESCRIPTION
Extent ix, 297 páginas :
Other physical details ilustraciones, gráficas ;
Dimensions 24 cm
336 ## - CONTENT TYPE
Fuente rdacontent
Content type term texto
Content type code txt
337 ## - MEDIA TYPE
Source rdamedia
Media type term sin medio
Media type code n
338 ## - CARRIER TYPE
Source rdacarrier
Carrier type term volumen
Carrier type code nc
490 1# - SERIES STATEMENT
Series statement Research in strategic alliances
650 14 - SUBJECT ADDED ENTRY--TOPICAL TERM
Topical term or geographic name entry element Alianzas estratégicas
General subdivision Negocios
650 14 - SUBJECT ADDED ENTRY--TOPICAL TERM
Topical term or geographic name entry element Industria
General subdivision Investigación
650 14 - SUBJECT ADDED ENTRY--TOPICAL TERM
Topical term or geographic name entry element Innovaciones tecnológicas
650 14 - SUBJECT ADDED ENTRY--TOPICAL TERM
Topical term or geographic name entry element Productos nuevos
700 1# - ADDED ENTRY--PERSONAL NAME
Personal name Das, T. K.,
Fuller form of name (Tushar Kanti),
Dates associated with a name 1938-
Relator term editor
775 #8 - OTHER EDITION ENTRY
Relationship information Publicada también como (manifestación)
Title Strategic alliances for innovation and R & D
Edition Paperback
Place, publisher, and date of publication Charlotte, NC : Information Age Publishing, Inc., ©2014
Physical description ix, 297 páginas : ilustraciones, gráficas ; 24 cm.
Record control number (Mx-PuUPA) 68580
International Standard Book Number 9781623966225
800 1# - SERIES ADDED ENTRY--PERSONAL NAME
Personal name Das, T. K., (Tushar Kanti), 1938-
Relator term editor
Title of a work Research in strategic alliances
942 ## - ADDED ENTRY ELEMENTS (KOHA)
Source of classification or shelving scheme Dewey Decimal Classification
Koha item type Libro
Classification part 658.57
Item part S8982
Existencias
Withdrawn status Lost status Source of classification or shelving scheme Damaged status Not for loan Collection code Home library Current library Shelving location Date acquired Source of acquisition Cost, normal purchase price Total Checkouts Full call number Barcode Date last seen Cost, replacement price Price effective from Koha item type
    Dewey Decimal Classification     General Biblioteca Karol Wojtyla Biblioteca Karol Wojtyla Sala general 06/08/2024 2 1119.00   658.57 S8982 2014 100644 05/01/2026 1119.00 06/08/2024 Libro